Where Do Broken Hearts Go - One Direction (lyrics) - Statistics

General Stats
  • This quiz has been taken 76 times
  • The average score is 359 of 410
Answer Stats
Hint Answer % Correct
broken
100%
do
100%
go
100%
go?
100%
go?)
100%
heart
100%
a
98%
and
98%
I
98%
the
98%
To
98%
to
98%
Where
98%
where
98%
(Where
98%
you
98%
all
95%
All
95%
don't
95%
hearts
95%
it
95%
me
95%
my
95%
on
95%
your
95%
but
93%
come
93%
Come
93%
I'm
93%
Chorus Now
93%
now
93%
of
93%
out
93%
So
93%
some
93%
Then
93%
things
93%
down
91%
ever
91%
I've
91%
know
91%
let
91%
mistakes
91%
one
91%
there's
91%
when
91%
done
88%
every
88%
Every
88%
find
88%
from
88%
in
88%
just
88%
list
88%
only
88%
face
86%
lonely
86%
look
86%
place
86%
that
86%
name
84%
searching
84%
with
84%
calling
81%
close
81%
corner
81%
figured
81%
fix
81%
spoke
81%
Standing
81%
taste
81%
Bridge Tell
81%
tell
81%
time
81%
want
81%
house
79%
How
79%
lips
79%
took
79%
top
79%
up
79%
words
79%
Verse 1 Counted
77%
crimes
77%
Is
77%
is
77%
tip
77%
tongue
77%
Pre-Chorus Yeah,
77%
Verse 2 Yeah
77%
built
74%
home
74%
song
74%
Tryna
74%
wrote
74%
baby
70%
baby,
70%
between
70%
rest
70%
at
67%
running
67%
you're
67%
Anyone
65%
Are
65%
are
65%
by
65%
Love
65%
love
65%
else?
63%
enemy
63%
giving
63%
yourself
63%
again
60%
again?
60%
'cause
60%
someone
60%
Or
58%
sleeping
58%
enough
56%
feel
56%
heard
53%
will
53%
circles
51%
need
51%
pain
51%
afraid?
49%
get
49%
never
49%
Mind
47%
feet
42%
Shadows
42%
10
40%
something
40%
hiding
35%
was
28%
No matching quizzes found
Score Distribution
Percent of People with Each Score
Percentile by Number Answered
Your Score History
You have not taken this quiz